Name the Seventeen members :D - Statistics

General Stats
  • This quiz has been taken 739 times
  • The average score is 13 of 13
Answer Stats
Hint Answer % Correct
Tallest member Mingyu
100%
Leader of svt S.coups
100%
Half american and also english Vernon
100%
Shortest member Woozi
100%
Real name is Lee Seok-min DK
99%
Main dancer Hoshi
99%
Has ( or had ) long hair Jeonghan
99%
English Joshua
99%
Speaks Chinese Jun
99%
Also speaks Chinese The8
99%
Another main dancer Dino
98%
Loves books Wonwoo
98%
Can sing high notes Seungkwan
97%
No matching quizzes found
Score Distribution
Percent of People with Each Score
Percentile by Number Answered
Your Score History
You have not taken this quiz